| 000 | 00846nam a22001337a 4500 | ||
|---|---|---|---|
| 040 | _cRUA | ||
| 082 | _aAVM PEC 2010 B096 Or.1 | ||
| 100 | _aPECH, SOPHAK. | ||
| 245 | _aEffect of supplementation shrimp by-product and fish celery cabbage in C.P concentrate on rate growth of avian broiler at royal university of agriculture, ឥទ្ធិពលនៃការបន្ថែមបង្គា និងស្ពៃឆ្កឹះស្រស់លើចំណីក្រុមហ៊ុនស៊ី.ភីលើការលូតលាស់មាន់សាច់AVIAN នៅសាកលវិទ្យាល័យភូមិន្ទកសិកម្ម | ||
| 260 |
_aPhnom Penh _bRUA _c2010 |
||
| 300 |
_ax; 41p. _bill. _c29cm. |
||
| 856 | _uhttps://drive.google.com/file/d/1J4XjCdKVhj2Tl7eyoY55UnsoFYO9ytm3/view?usp=sharing | ||
| 942 | _cAVM | ||
| 999 |
_c2471 _d2471 |
||